000 01333cam a2200397 a 4500
001 22333
003 VRT
005 20260326142812.0
008 240314s2014 xo g 000 f slo
015 _aSNBA2015/01
020 _a9788081640162
_q(viaz.)
035 _aCEC4879D-E5AC-4B77-9770-00D252EBF406
035 _aurn:nbn:sk:snk-amjojc
035 _aurn:nbn:sk:snk-am002d3f
039 9 _a202403140850
_bVLOAD
_c201710261437
_dmbjkdg02
_c201708251006
_dAUTHORITY
_c201703241317
_dmbpksh02
040 _aPPPK
_bslo
_cPPPK
_dSNK
_eAACR2
041 0 _aslo
044 _axo
_cSK
072 7 _a821.162.4-3
_xSlovenská próza
_2konspekt
080 _a821.162.4-31
_22001
100 1 _aBraunová, Lucia,
_d1985-
_4aut
245 1 0 _aNič krajšie už nepríde
_cLucia Braunová
250 _a1. vyd.
260 _aBratislava
_bMotýľ
_c2014
300 _a173 s.
_c21 cm
655 7 _aslovenské romány
_2SNKPH
655 7 _aSlovak fiction
_2SNKPHeng
910 _abpksh
910 _abjkdg
942 _2ddc
_cKLDO
_n0
949 _617A1120311
_asnkSC 161891
_bsnk2014/25769
_o2278/14
_s6100:20140925
949 _asnklmDK 7027 SNKLM
_bsnklm2014/205
949 _6270001000453529
_asvkbbA 141543
_bsvkbbm 744705
949 _617A1142365
_asnkSC 161891 D1
_bsnk2015/10695
_o2278/14
949 _63869A18554
_abpksh821.162.4-31
_bbpksh68929
999 _c22333
_d22333